| 000 | 00568nam a2200193Ia 4500 | ||
|---|---|---|---|
| 008 | 151119s9999||||xx |||||||||||||| ||und|| | ||
| 082 | _a891.463 | ||
| 082 | _bGKKV30918 | ||
| 100 | _a"दत्ता, केशव" | ||
| 245 | _aमृत्युच्या जन्म | ||
| 260 | _a--- | ||
| 260 | _b--- | ||
| 260 | _c2008 | ||
| 600 | _a"दत्ता, केशव" | ||
| 630 | _aमृत्युच्या जन्म | ||
| 700 | _a"दत्ता, केशव" | ||
| 730 | _aमृत्युच्या जन्म | ||
| 942 | _cBOOK | ||
| 999 |
_c1083244 _d1083241 |
||